[Event "45th FIDE Chess Olympiad - Women's Sect"]
[Site "Budapest, Hungary"]
[Date "2024.09.12"]
[Round "2.178"]
[White "Zenobia Wasif"]
[Black "Badenhorst, Chloe"]
[Result "0-1"]
[WhiteElo "1743"]
[BlackElo "1981"]
[PlyCount "76"]
[EventDate "2024.??.??"]
[WhiteTeam "Pakistan"]
[BlackTeam "South Africa"]
[WhiteTeamCountry "PAK"]
[BlackTeamCountry "RSA"]
[WhiteClock "0:12:53"]
[BlackClock "0:02:30"]

1. e4 c6 2. d4 d5 3. e5 c5 4. c3 Nc6 5. Nf3 cxd4 6. cxd4 Bg4 7. Be2 e6 8. Nc3 Nge7 9. O-O Nf5 10. Be3 Be7 11. h3 Bh5 $146 ({RR} 11... Bxf3 12. Bxf3 O-O 13. Qd3 Bg5 14. Bg4 Bxe3 15. fxe3 g6 16. Bxf5 gxf5 17. Nb5 f6 18. Nd6 Qd7 19. Qc3 fxe5 20. dxe5 Rad8 21. Rac1 Nxe5 22. Nxb7 d4 23. exd4 Qxd4+ 24. Qxd4 Rxd4 25. Rc7 f4 26. Nc5 {Habiaga,R (2017)-Gullace,E (1842) Buenos Aires ARG 2024 1-0 (32)}) ({RR} 11... Bxf3 12. Bxf3 O-O 13. Rc1 Rc8 {½-½ (13) Liberadzki,S (2011)-Szymczak,R (2062) Warsaw 2015}) ({RR} 11... Bxf3 12. Bxf3 O-O 13. Qd3 Nxe3 14. fxe3 Rc8 15. Rf2 Bh4 16. Re2 a6 17. Rd1 Be7 18. e4 Nxd4 19. Red2 Qb6 20. Kh1 Nxf3 21. Qxf3 dxe4 22. Nxe4 Rfd8 23. Rxd8+ Rxd8 24. Rf1 Rf8 25. Nf6+ Bxf6 26. exf6 {Moloney,N (2040)-Wall,T (2250) Cappelle la Grande 1995 0-1 (39)}) 12. g4 Nxe3 13. fxe3 Bg6 14. a3 h5 15. Bd3 Bg5 16. Bxg6 fxg6 17. Qd3 Rh6 18. Nb5 hxg4 19. Nd6+ Qxd6 20. exd6 gxf3 21. Rxf3 Bf6 22. b4 Kd7 23. b5 Na5 24. Qc3 Nc4 25. e4 Rc8 26. Qc1 Bxd4+ 27. Kh1 Ne5 28. Qg5 Kxd6 29. Rg3 Bxa1 30. exd5 exd5 31. Qf4 Ke6 32. Re3 Rhh8 33. Re1 Rxh3+ 34. Kg2 Rch8 35. Qc1 Rh2+ 36. Kg3 R8h3+ 37. Kf4 Rf2+ 38. Kg5 Rh5# 0-1

[Event "45th FIDE Chess Olympiad - Women's Sect"]
[Site "Budapest, Hungary"]
[Date "2024.09.12"]
[Round "2.182"]
[White "Zhanybekova, Begimay"]
[Black "Moreno Mora, Milaydes Lourdes"]
[Result "1-0"]
[WhiteElo "1784"]
[BlackElo "1694"]
[PlyCount "85"]
[EventDate "2024.??.??"]
[WhiteTeam "Kyrgyzstan"]
[BlackTeam "Aruba"]
[WhiteTeamCountry "KGZ"]
[BlackTeamCountry "ARN"]
[WhiteClock "0:13:53"]
[BlackClock "0:01:33"]

1. e4 c5 2. Nf3 d6 3. c3 Nf6 4. Be2 Nc6 5. d3 g6 6. O-O Bg7 7. Re1 O-O 8. Bf1 Bg4 9. h3 Bd7 10. d4 cxd4 11. cxd4 e6 $146 ({RR} 11... Rc8 12. Nc3 Qb6 13. e5 Ne8 14. a4 a5 15. Nd5 Qd8 16. Bg5 h6 17. Bh4 g5 18. Bg3 Be6 19. Nc3 dxe5 20. d5 Bxd5 21. Nxd5 {1-0 (21) Snehin,S (1204)-Fizer,M (1828) Tornelo INT 2021}) ({RR} 11... a6 12. Nc3 b5 13. e5 Ne8 14. Bf4 dxe5 15. Nxe5 Nxe5 16. dxe5 Nc7 17. Qd2 Ne6 18. Bh6 Bc6 19. Qe3 Bxh6 20. Qxh6 Qb6 21. Ne4 Bxe4 22. Rxe4 Rfd8 23. Rh4 Nf8 24. Re4 Ra7 25. Rae1 Rad7 26. g3 {Pfaff,V-Krutsch,W (2092) Kassel 1999 0-1 (52)}) 12. Nc3 a6 13. Bf4 Ne8 14. Qd2 Qa5 15. Bg3 d5 16. exd5 exd5 17. Bf4 Nf6 18. Ne5 Be6 19. Rad1 Rac8 20. Bh6 b5 21. Nxc6 Rxc6 22. Nxd5 Qxd2 23. Nxf6+ Bxf6 24. Rxd2 Rd8 25. d5 Rcd6 26. dxe6 Rxd2 27. Bxd2 Rxd2 28. e7 Bxe7 29. Rxe7 Rxb2 30. Re2 Rb1 31. Re8+ Kg7 32. Ra8 Ra1 33. Rxa6 b4 34. Ra4 Kf6 35. g3 Ke5 36. Kg2 Rb1 37. Bc4 Kd4 38. Bxf7 Kc3 39. Ra7 Rb2 40. Bg8 h6 41. Ra6 g5 42. Rxh6 Kd4 43. Rg6 1-0

[Event "45th FIDE Chess Olympiad - Women's Sect"]
[Site "Budapest, Hungary"]
[Date "2024.09.12"]
[Round "2.183"]
[White "Aponte, Samantha"]
[Black "Lesbekova, Assel"]
[Result "0-1"]
[WhiteElo "1454"]
[BlackElo "1903"]
[PlyCount "68"]
[EventDate "2024.??.??"]
[WhiteTeam "Aruba"]
[BlackTeam "Kyrgyzstan"]
[WhiteTeamCountry "ARN"]
[BlackTeamCountry "KGZ"]
[WhiteClock "0:00:37"]
[BlackClock "0:46:53"]

1. e4 {ChessBase II} c5 2. Nc3 e6 3. g3 Nc6 4. Bg2 g6 5. Nge2 Bg7 6. O-O Nge7 7. d3 Rb8 ({RR} 7... O-O 8. Bg5 h6 9. Be3 Nd4 10. Qd2 Kh7 11. Bxd4 cxd4 12. Nb5 Qb6 13. a4 a6 14. Na3 d5 15. exd5 exd5 16. Nf4 Be6 17. a5 Qd6 18. c4 dxc3 19. bxc3 Qc7 20. Nb1 Rad8 21. d4 Bf5 22. Re1) ({RR} 7... Nd4 8. Bg5 O-O 9. Qd2 d6 10. Nd1 Re8 11. c3 Nxe2+ 12. Qxe2 Bd7 13. h4 Bc6 14. Be3 Qd7) ({RR} 7... b6 8. f4 d5 9. e5 Ba6 10. g4 h5 11. Ng3 hxg4 12. Qxg4 Qc7 13. Rf2 c4 14. Bd2 cxd3 15. cxd3 Nb4 16. d4 Nd3 17. Rf3 Nxb2 18. Bf1 Bxf1 19. Nxf1 Nf5 20. Nb5 Qc4 21. Qxf5 gxf5 22. Nd6+ {Mariano,C (1931)-Maltsevskaya,A (2374) FIDE Online Arena INT 2024 0-1 (74)}) 8. Rb1 $146 ({RR} 8. Be3 Nd4 9. Qd2 b5 10. Nd1 O-O 11. Nf4 d6 12. c3 Ndc6 13. Nh3 Re8 14. f4 Qc7 15. d4 cxd4 16. cxd4 d5 17. e5 a5 18. g4 f5 19. g5 Ba6 20. Ndf2 Bf8 21. Nd3 Nc8 22. Rac1 Qb6 {Kramer,W (1769)-Dillmann,M (1905) Mainz 1997 EXT 2000 [ChessBase II] 0-1 (51)}) ({RR} 8. Bf4 d6 9. Nb5 e5 10. Bc1 a6 11. Nbc3 b5 12. Bg5 h6 13. Be3 b4 14. Nb1 O-O) ({RR} 8. Bf4 d6 9. Qd2 h5 10. h4 b5 11. Rae1 b4 12. Nd1 Ba6 13. Kh1 e5 14. Bg5 Qa5 15. f4 Qxa2 16. fxe5 Bxe5 17. Bf6 Bxf6 18. Rxf6 Rd8 19. Qg5 b3 20. c4 Rf8 21. e5 Nxe5 22. Nf4 Bc8 {Sprecic,M (2310)-Suba,M (2490) Tuzla 1981 ½-½ (45)}) ({RR} 8. a4 a6 9. Be3 Nd4 10. Bxd4 cxd4 11. Nb1 O-O 12. f4 d6 13. Nd2 Bd7 14. g4 f5 15. gxf5 exf5 16. Ng3 Qc7 17. Qe2 Rbe8 18. Qf2 Nc6 19. Nb3 fxe4 20. dxe4 Bh6 21. Qd2 Qb6 22. Kh1 a5 {Llaneza Vega,M-Arguelles Garcia,P Gijon 1999 ½-½}) ({RR} 8. f4 d6 9. h3 Nd4 10. g4 f5 11. Ng3 b5 12. Nce2 Kd7 13. c3 Nxe2+ 14. Qxe2 Qe8 15. exf5 gxf5 16. Re1 Qf7 17. a4 {½-½ (17) Burgermeister,M (1854)-Palkova,H (2028) Volyne 2003}) 8... b5 9. a3 a5 10. b3 O-O 11. Be3 Nd4 12. Qd2 d6 13. b4 Nxe2+ 14. Nxe2 cxb4 15. axb4 a4 16. Bh6 Bxh6 17. Qxh6 f5 18. Qc1 Qc7 19. Qb2 e5 20. f4 Be6 21. c3 fxe4 22. dxe4 Bc4 23. Rbc1 Qb6+ 24. Kh1 Qe3 25. Rce1 a3 26. Qc2 Qd3 27. Qc1 a2 28. Rf3 Qb1 29. Ng1 Bd3 30. Rxd3 Qxd3 31. Qa1 Qc4 32. Bf1 Qb3 33. Bd3 exf4 34. gxf4 Rxf4 0-1

[Event "45th FIDE Chess Olympiad - Women's Sect"]
[Site "Budapest, Hungary"]
[Date "2024.09.12"]
[Round "2.187"]
[White "Cabezas Calero, Abigail Carolina"]
[Black "Hussin, Fazreena"]
[Result "1-0"]
[WhiteElo "1824"]
[BlackElo "1700"]
[PlyCount "113"]
[EventDate "2024.??.??"]
[WhiteTeam "Nicaragua"]
[BlackTeam "Brunei Darussalam"]
[WhiteTeamCountry "NCA"]
[WhiteClock "0:45:56"]
[BlackClock "0:23:23"]

1. e4 e6 2. d4 d5 3. e5 c5 4. Nf3 Nc6 5. c3 Nge7 6. Bd3 Qb6 7. a3 ({RR} 7. dxc5 Qxc5 8. Be3 Qa5 9. Nbd2 Ng6 10. Bxg6 hxg6 11. Nb3 Qc7 12. Bf4 f6 13. Qe2 g5 14. Bg3 g4 15. Nfd4 Nxe5 16. O-O-O Bd7 17. f4 gxf3 18. gxf3 O-O-O 19. f4 Nc4 20. Nxe6 Bxe6 21. Qxe6+ Qd7 {Firouzja,A (2737)-Nakamura,H (2794) chess.com INT 2024 ½-½ (51)}) 7... Bd7 8. O-O $146 ({RR} 8. Bc2 Ng6 9. b4 c4 10. Ng5 Nd8 11. a4 Be7 12. h4 Nf8 13. Qh5 h6 14. Nh3 Nc6 15. Qg4 g6 16. a5 Qc7 17. Na3 Nxe5 18. Qg3 Bd6 19. dxe5 Bxe5 20. Bf4 Bxf4 21. Qxf4 e5 22. Qf6 Rg8 {Aras,B (1850)-Hocher,E (1761) France 2006 1-0 (42)}) ({RR} 8. Bc2 Rc8 9. O-O Ng6 10. h4 Be7 11. g3 Qc7 12. h5 Nf8 13. Ba4 a6 14. Bxc6 Bxc6 15. Bg5 Nd7 16. Bxe7 Kxe7 17. Nbd2 cxd4 18. cxd4 Bb5 19. Re1 Qc2 20. Qxc2 Rxc2 21. a4 Bd3 22. Re3 Bf5 {Tolonen,J-Tuominen,M Tampere 1990 0-1 (34)}) ({RR} 8. dxc5 Qxc5 9. Be3 Qa5 10. b4 Qc7 11. Bd4 Ng6 12. Qe2 Nxd4 13. cxd4 Nf4 14. Qc2 Nxd3+ 15. Qxd3 Qc1+ 16. Qd1 Qxd1+ 17. Kxd1 a5 18. b5 Bxb5 19. Nc3 Bd7 20. Kd2 Be7 21. Rhb1 Rb8 22. a4 O-O {Gomez,J-Ramos Santana,M Las Palmas 1997 ½-½ (49)}) 8... cxd4 9. Bc2 dxc3 10. Nxc3 Ng6 11. Re1 Be7 12. b4 a5 13. b5 Na7 14. Be3 Qd8 15. Bd3 b6 16. Na4 Bc5 17. Bxc5 bxc5 18. b6 c4 19. Bxc4 dxc4 20. bxa7 Rxa7 21. Qd4 Qc7 22. Nc5 Bb5 23. Rab1 Qc6 24. Nxe6 Rd7 25. Nxg7+ Kf8 26. Qb2 c3 27. Qxb5 Qxb5 28. Rxb5 Kxg7 29. Rc5 Rd3 30. a4 Rhd8 31. Kf1 Nf4 32. Rc4 Rd1 33. Rxc3 Rxe1+ 34. Nxe1 Rd5 35. Rc4 Ne6 36. Nf3 Nc5 37. Rd4 Rxd4 38. Nxd4 Nxa4 39. Nc6 Nc5 40. Nxa5 Kg6 41. Nc4 Kf5 42. g3 Ke6 43. f4 f6 44. exf6 Kxf6 45. Ke2 Ne6 46. Ke3 Ng7 47. Ne5 Nf5+ 48. Ke4 Ke6 49. Nf3 Nd6+ 50. Ke3 Nf5+ 51. Kd3 h5 52. Nd4+ Nxd4 53. Kxd4 Kf6 54. Ke4 Ke6 55. f5+ Kf6 56. Kf4 Kf7 57. Kg5 1-0

[Event "45th FIDE Chess Olympiad - Women's Sect"]
[Site "Budapest, Hungary"]
[Date "2024.09.12"]
[Round "2.188"]
[White "Redzuan, Nur Ainul Mardhiah"]
[Black "Alvarez Gutierrez, Patricia"]
[Result "0-1"]
[WhiteElo "1481"]
[BlackElo "1826"]
[PlyCount "124"]
[EventDate "2024.??.??"]
[WhiteTeam "Brunei Darussalam"]
[BlackTeam "Nicaragua"]
[BlackTeamCountry "NCA"]
[WhiteClock "0:02:57"]
[BlackClock "0:04:23"]

1. e4 c6 2. d4 d5 3. Nc3 dxe4 4. Nxe4 Bf5 5. Ng3 Bg6 6. h4 h6 7. Nf3 Nd7 8. Bc4 e6 9. Be3 ({RR} 9. Bb3 Ngf6 10. Qe2 Bd6 11. Bd2 Qc7 12. Nf1 O-O 13. Ne3 c5 14. O-O-O Rfc8 15. g4 h5 16. Rdg1 a6 17. gxh5 Bxh5 18. Nc4 b5 19. Nxd6 Qxd6 20. dxc5 Nxc5 21. Qe3 Nfe4 22. Rxg7+ Kf8 23. Qh6 Nxb3+ {Wu,K (2284)-Altanoch,G (2295) Tianjing 2001 0-1 (58)}) 9... Ngf6 ({RR} 9... Be7 10. h5 Bh7 11. Qd2 Ngf6 12. O-O-O O-O 13. Bd3 Qb6 14. Bxh7+ Nxh7 15. d5 exd5 16. Bxb6 axb6 17. Nf5 Rfe8 18. Nxe7+ Rxe7 19. Rde1 Rxa2 20. Kb1 Rxe1+ 21. Rxe1 Ra8 22. Ne5 Nxe5 23. Rxe5 Nf6 24. Qf4 {Dasiuk,R (1314)-Cieslicki,M (1231) Tornelo INT 2020 1-0 (33)}) 10. O-O $146 ({RR} 10. Qd2 Bd6 11. Bd3 Bxd3 12. Qxd3 Nd5 13. Ne4 N7f6 14. Nxd6+ Qxd6 15. Ne5 Nxe3 16. fxe3 Qd5 17. O-O O-O 18. c4 Qe4 19. Qxe4 Nxe4 20. Rf4 f5 21. c5 Rad8 22. Ng6 Rf6 23. h5 Ng3 24. Rh4 Nxh5 {Jacobs,H-Stronach,B London 1932 0-1 (54)}) ({RR} 10. h5 Bh7 11. Qe2 Bd6 12. O-O-O Qc7 13. Nf1 O-O-O 14. g3 Nb6 15. Bb3 Nbd5 16. Bd2 Ne4 17. Be1 Rhe8 18. Rh4 Ndf6 19. N1d2 Nxd2 20. Bxd2 Nd5 21. c4 Nf6 22. Bc3 Be7 23. Bd2 Nd7 24. Re4 Bf6 {Doehner,H (1912)-Hiller,J (1880) Tiefenbach 2004 0-1 (41)}) ({RR} 10. Nd2 Be7 11. h5 Bh7 12. c3 Nb6 13. Bb3 O-O 14. c4 Qc7 15. Qf3 Rad8 16. O-O c5 17. Rfc1 cxd4 18. c5 dxe3 19. cxb6 Qxb6 20. Nc4 exf2+ 21. Kh1 Qd4 22. Nf1 Qh4+ 23. Qh3 Qxh3+ 24. gxh3 Nxh5 {Vasic,D (1945)-Aleksic,C (1756) Belgrade 2009 0-1 (36)}) 10... Be7 11. c3 O-O 12. Bd3 Bxd3 13. Qxd3 Qc7 14. Rfe1 Rad8 15. Qc2 Rfe8 16. Rad1 Bd6 17. Nf1 Ng4 18. g3 e5 19. N3h2 Nxe3 20. Rxe3 exd4 21. cxd4 Nf6 22. Rde1 Rxe3 23. Rxe3 Qd7 24. Qe2 Bf8 25. Nf3 Qd5 26. b3 Bd6 27. Rd3 Re8 28. Qd1 Qa5 29. a4 Nd5 30. Ne3 Nxe3 31. Rxe3 Rxe3 32. fxe3 Bxg3 33. Kg2 Bd6 34. Qd3 Qd5 35. e4 Qe6 36. e5 Qg4+ 37. Kf2 Be7 38. Qe3 Bxh4+ 39. Nxh4 Qxh4+ 40. Ke2 Qg4+ 41. Kd3 h5 42. d5 cxd5 43. Qxa7 Qd1+ 44. Kc3 Qc1+ 45. Kb4 Qc6 46. Qd4 h4 47. Qxh4 Qb6+ 48. Kc3 Qe3+ 49. Kb4 Qe4+ 50. Qxe4 dxe4 51. Kc4 e3 52. Kd3 e2 53. Kxe2 Kf8 54. Ke3 Ke7 55. Ke4 Ke6 56. Kf4 Kd5 57. Ke3 Kxe5 58. b4 Kd5 59. Kd3 f5 60. Ke3 Kc4 61. Kf4 Kxb4 62. Kxf5 Kxa4 0-1

[Event "45th FIDE Chess Olympiad - Women's Sect"]
[Site "Budapest, Hungary"]
[Date "2024.09.12"]
[Round "2.189"]
[White "Jambo, Linda"]
[Black "Serina Arafat"]
[Result "0-1"]
[WhiteElo "1629"]
[BlackElo "1552"]
[PlyCount "65"]
[EventDate "2024.??.??"]
[WhiteTeam "Malawi"]
[BlackTeam "Jordan"]
[WhiteTeamCountry "MWI"]
[BlackTeamCountry "JOR"]
[WhiteClock "0:30:30"]
[BlackClock "0:02:16"]

1. e4 e6 2. d4 d5 3. Nc3 dxe4 4. Nxe4 Nd7 5. Nf3 Ngf6 6. Bg5 Be7 7. Nxf6+ Nxf6 8. Be2 O-O ({RR} 8... h6 9. Bh4 O-O 10. O-O a6 11. a4 Nd5 12. Bg3 c5 13. c4 Nf6 14. a5 cxd4 15. Nxd4 Ne4 16. Bf3 Nxg3 17. hxg3 Bf6 18. Ne2 Bxb2 19. Rb1 Bf6 20. Qa4 Bd7 21. Qb4 Bc6 22. Rfd1 Qc7 23. Bxc6 {Hoke,A (1478)-Grabowski,P (1623) Verden an der Aller 2020 1-0 (68)}) 9. O-O b6 ({RR} 9... Nd5 10. Bxe7 Qxe7 11. Qd2 b6 12. Ne5 Bb7 13. Bf3 c5 14. dxc5 bxc5 15. c4 Nf6 16. Bxb7 Qxb7 17. Rad1 Qc7 18. Qe3 Rfd8 19. h3 h6 20. Rd3 Rxd3 21. Nxd3 Rc8 22. Rd1 Rd8 23. b3 a5 24. Nb2 {Quesada Perez,Y (2505)-Nogueiras Santiago,J (2547) Merida 2005 0-1 (45)}) 10. c3 Bb7 11. Re1 $146 ({RR} 11. Rc1 Rc8 12. Re1 c5 13. dxc5 Rxc5 14. Qxd8 Rxd8 15. Red1 Bxf3 16. Rxd8+ Bxd8 17. Bxf3 Rxg5 18. Rd1 Be7 19. h4 Rc5 20. g4 h6 21. Kg2 g6 22. Kg3 Kg7 23. Kh3 Nd5 24. Kg3 Bd6+ 25. Kg2 Bf4 {Bohunicky,P (1636)-Ivan,I (1806) Slovakia 2016 0-1 (31)}) ({RR} 11. Ne5 Ne4 12. Bxe7 Qxe7 13. Bf3 Nd6 14. Bxb7 Nxb7 15. Qh5 Nd6 16. f4 Rfc8 17. Nc6 Qe8 18. Qf3 Nc4 19. Rf2 Nd6 20. Re1 Qd7 21. Ne5 Qd8 22. Nc6 Qd7 23. d5 Re8 24. dxe6 fxe6 25. Rfe2 Rac8 {Eriksen,K (1742)-Jensen,L (2014) Faxe 2006 ½-½ (33)}) ({RR} 11. Ne5 h6 12. Be3 Nd5 13. Bf3 Nxe3 14. fxe3 Bxf3 15. Qxf3 Bf6 16. Ng4 Bg5 17. e4 Qe7 18. Rae1 Rad8 19. Ne5 Qe8 20. Qe2 f6 21. Nf3 c6 22. Nxg5 hxg5 23. e5 f5 24. g3 g4 25. Qc4 Qd7 {Ostaszewski,B-Kaczmarczyk,M (1566) Warsaw 2013 ½-½}) 11... h6 12. Bh4 Re8 13. Ne5 Nd7 14. Bxe7 Qxe7 15. Bb5 Qg5 16. g3 c6 17. Bxc6 Bxc6 18. Nxc6 Qb5 19. Nb4 a5 20. Nd3 Rad8 21. a4 Qf5 22. f4 Qg6 23. Ne5 Nxe5 24. Rxe5 Rd5 25. Qb3 Rxe5 26. dxe5 Qd3 27. Qxb6 Rd8 28. Rf1 Rd7 29. Qxa5 Qe3+ 30. Kg2 Qe4+ 31. Kh3 Qf5+ 32. Kg2 Rd2+ 33. Kg1 0-1

[Event "45th FIDE Chess Olympiad - Women's Sect"]
[Site "Budapest, Hungary"]
[Date "2024.09.12"]
[Round "2.193"]
[White "De la Riva Real, Ariadna"]
[Black "Spinola, Divania"]
[Result "1-0"]
[WhiteElo "1823"]
[BlackElo "1583"]
[PlyCount "42"]
[EventDate "2024.??.??"]
[WhiteTeam "Andorra"]
[BlackTeam "Cape Verde"]
[WhiteTeamCountry "AND"]
[WhiteClock "0:35:34"]
[BlackClock "0:30:22"]

1. e4 e5 2. Nf3 d6 3. d4 Nf6 4. Nc3 Be7 5. dxe5 dxe5 ({RR} 5... Nfd7 6. exd6 Bxd6 7. Bg5 Be7 8. Bxe7 Qxe7 9. Qd2 c6 10. O-O-O O-O 11. Bd3 b5 12. Rhe1 Nc5 13. e5 Be6 14. Kb1 Nba6 15. Qg5 Qc7 16. Bf5 b4 17. Ne4 Bxa2+ 18. Kc1 Nxe4 19. Bxe4 Bd5 20. Bxh7+ {Karmenov,B (2046)-Nyshanbayev,B (2091) Almaty KAZ 2024 1-0 (38)}) 6. Qxd8+ Kxd8 $146 ({RR} 6... Bxd8 7. Nxe5 Nbd7 8. Nxd7 Bxd7 9. Bd3 Be7 10. Nd5 Nxd5 11. exd5 O-O 12. O-O Rad8 13. Bf4 c5 14. Rfe1 Bf6 15. Be5 Bxe5 16. Rxe5 Rfe8 17. Rae1 Rxe5 18. Rxe5 Re8 19. Rxe8+ Bxe8 20. Bf5 Kf8 21. c4 {Matejovsky,O (2040)-Hradsky,A (1924) Zlate Hory 2006 1-0 (32)}) ({RR} 6... Bxd8 7. Nxe5 O-O 8. Be3 c6 9. f3 Bc7 10. Nd3 Nbd7 11. O-O-O Re8 12. g3 Nd5 13. Bd4 Bb6 14. Nxd5 cxd5 15. Bxb6 Nxb6 16. exd5 Nxd5 17. Nc5 Ne3 18. Bb5 Nxd1 19. Bxe8 Ne3 20. Re1 Nf5 21. Bc6 {Guseinov,G (2609)-Lorscheid,G (2328) Rijeka 2010 1-0 (36)}) ({RR} 6... Bxd8 7. Nxe5 O-O 8. Bc4 Be6 9. Bxe6 fxe6 10. Be3 Na6 11. Rd1 b6 12. a3 c5 13. O-O Bc7 14. Nd7 Nxd7 15. Rxd7 h6 16. f4 e5 17. f5 Rad8 18. Rfd1 Rxd7 19. Rxd7 Rb8 20. Nd5 Bd8 21. Rxa7 {Abia Herra,L-Gil Dominguez,A Valladolid 1978 1-0}) ({RR} 6... Bxd8 7. Nxe5 O-O 8. Bc4 Nc6 9. Nxc6 bxc6 10. O-O Bg4 11. b3 Be7 12. Re1 Bb4 13. Bb2 Rad8 14. f3 Be6 15. Bxe6 fxe6 16. Red1 Rd6 17. Kf1 Rfd8 18. Ke2 Bxc3 19. Bxc3 Kf7 20. Be5 Rxd1 21. Rxd1 {Laake,C-Bickert,J Bargteheide 1989 1-0 (37)}) 7. Nxe5 Rf8 8. Bc4 Be6 9. Be3 Bxc4 10. Nxc4 Nbd7 11. O-O h6 12. e5 Ng4 13. Bf4 g5 14. Bg3 Bc5 15. h3 Ngxe5 16. Bxe5 Nxe5 17. Nxe5 Ke7 18. Rfe1 Kf6 19. Nd7+ Kg7 20. Nxc5 b6 21. N5e4 Rfd8 1-0

[Event "45th FIDE Chess Olympiad - Women's Sect"]
[Site "Budapest, Hungary"]
[Date "2024.09.12"]
[Round "2.198"]
[White "Gabatshwarwe Refilwe"]
[Black "Al Nadabi, Yomna"]
[Result "1-0"]
[WhiteElo "1787"]
[BlackElo "1612"]
[PlyCount "87"]
[EventDate "2024.??.??"]
[WhiteTeam "Botswana"]
[BlackTeam "Oman"]
[WhiteTeamCountry "BOT"]
[BlackTeamCountry "OMN"]
[WhiteClock "0:33:03"]
[BlackClock "0:01:24"]

1. d4 Nf6 2. Bf4 g6 3. e3 Bg7 4. Nf3 d6 5. c3 b6 ({RR} 5... Nh5 6. Bg5 h6 7. Bh4 g5 8. Nfd2 Nf6 9. Bg3 e6 10. Bd3 Nc6 11. Na3 Qe7 12. e4 Bd7 13. Qe2 O-O-O 14. O-O-O Nh7 15. Nac4 Nf8 16. e5 d5 17. Ne3 Ng6 18. Nb3 Nb8 19. Kb1 h5 20. h3 {Deviatkin,A (2521)-Smirnov,A (2405) St Petersburg 2005 1-0 (76)}) ({RR} 5... c6 6. Nbd2 Nbd7 7. Be2 O-O 8. O-O Nh5 9. Bg5 h6 10. Bh4 Qe8 11. Ne1 Nhf6 12. Nd3 e5 13. Bg3 Qe7 14. h3 Re8 15. Re1 a5 16. a4 Nh7 17. Bh2 Nhf8 18. Nc4 f6 19. Qb3 Kh7 20. Rad1 {Sieciechowicz,M (2424)-Jun,R (2198) chess.com INT 2024 1-0 (45)}) 6. Nbd2 Nbd7 7. h3 O-O $146 ({RR} 7... Bb7 8. a4 a6 9. Bh2 O-O 10. Bc4 c5 11. O-O d5 12. Be2 Rc8 13. Qb3 Re8 14. Rfd1 c4 15. Qc2 b5 16. b3 Bc6 17. bxc4 bxc4 18. a5 h6 19. Ne5 Bb5 20. e4 Nxe4 21. Nxe4 dxe4 22. Qxe4 {Nikolov,S (2358)-Borisenko,A (2413) Varna 2014 ½-½ (55)}) 8. Qc2 Re8 9. Bb5 a6 10. Bc6 Ra7 11. O-O Bb7 12. Bxb7 Rxb7 13. Rfd1 e5 14. dxe5 dxe5 15. Bh2 Qe7 16. e4 b5 17. Nb3 c5 18. c4 bxc4 19. Na5 Rb5 20. Nxc4 Rd8 21. Nfxe5 Nxe5 22. Rxd8+ Qxd8 23. Bxe5 Qe7 24. Re1 Qe6 25. b3 Bf8 26. Qd3 Nd7 27. Bg3 Nb6 28. Nxb6 Qxb6 29. Rd1 Ra5 30. a4 Be7 31. Qd5 Bf6 32. e5 c4 33. Qa8+ Kg7 34. exf6+ Qxf6 35. bxc4 Rxa4 36. Qe8 Ra5 37. Bd6 Kh6 38. Bf8+ Kh5 39. g4+ Kg5 40. Be7 Re5 41. Bxf6+ Kxf6 42. Rd6+ Re6 43. Rxe6+ fxe6 44. c5 1-0

[Event "45th FIDE Chess Olympiad - Women's Sect"]
[Site "Budapest, Hungary"]
[Date "2024.09.12"]
[Round "2.199"]
[White "Al Ghafri, Alanoud"]
[Black "Banda Natalie Katlo"]
[Result "0-1"]
[WhiteElo "1546"]
[BlackElo "1893"]
[PlyCount "82"]
[EventDate "2024.??.??"]
[WhiteTeam "Oman"]
[BlackTeam "Botswana"]
[WhiteTeamCountry "OMN"]
[BlackTeamCountry "BOT"]
[WhiteClock "0:29:53"]
[BlackClock "0:56:50"]

1. e4 c6 2. d4 d5 3. Nc3 dxe4 4. Nxe4 Nd7 5. Nf3 Ngf6 6. Ng3 e6 7. Bf4 ({RR} 7. Be2 Qc7 8. O-O Be7 9. c4 O-O 10. b3 b6 11. Bb2 Bb7 12. Qc2 c5 13. Rad1 cxd4 14. Nxd4 Ne5 15. f4 Ng6 16. f5 Nh4 17. Nf3 Nxf5 18. Nxf5 exf5 19. Qxf5 Rfe8 20. Bxf6 Bxf6 21. Bd3 Qc5+ {Bluvshtein,M (2451)-Simutowe,A (2411) New York 2003 ½-½ (51)}) 7... Qb6 ({RR} 7... Be7 8. Bc4 O-O 9. O-O c5 10. Re1 Nb6 11. Bf1 Nbd5 12. Be5 Ng4 13. h3 Nxe5 14. dxe5 b6 15. Qe2 Qc7 16. Rad1 Bb7 17. a3 Rad8 18. h4 Nf4 19. Qe3 Nd5 20. Qc1 Qc6 21. c4 Nc7 22. Qf4 {Bermudez Zamboni,P (1780)-Botello,G (1882) Pereira 2022 1-0}) 8. b3 Nd5 $146 ({RR} 8... c5 9. c3 cxd4 10. cxd4 Nd5 11. Bd2 Ba3 12. Rb1 Bb4 13. Qc2 N7f6 14. Bc4 O-O 15. O-O Bd7 16. Bxb4 Nxb4 17. Qe2 Rad8 18. Rfd1 Bc6 19. Ne5 Rfe8 20. a3 Nbd5 21. Qc2 Ne7 22. Ne2 Be4 23. Bd3 {Nikolic,S (1968)-Cojhter,K (2109) Sentjur 2010 0-1 (37)}) ({RR} 8... c5 9. Be3 Nd5 10. dxc5 Bxc5 11. Bxc5 Qxc5 12. c4 N5f6 13. Bd3 b6 14. Ne4 Qe7 15. O-O Bb7 16. Re1 O-O 17. Qe2 Rfd8 18. Rad1 Nc5 19. Nxf6+ Qxf6 20. Ne5 Nxd3 21. Rxd3 Rxd3 22. Qxd3 Rd8 23. Qe3 {Pulido,D (2010)-Franco Valencia,B (2159) Pamplona 2012 ½-½ (34)}) 9. Bd2 c5 10. Bc4 N7f6 11. dxc5 Bxc5 12. O-O O-O 13. c3 Rd8 14. Qc2 Ng4 15. Ne4 Be7 16. Bg5 Ndf6 17. h3 Nh6 18. Nxf6+ Bxf6 19. Bxf6 gxf6 20. Qe4 e5 21. Rad1 Bf5 22. Qh4 Kg7 23. g4 Be4 24. g5 Bxf3 25. Qxh6+ Kh8 26. Rxd8+ Qxd8 27. Bxf7 fxg5 28. Kh2 Qe7 29. Bc4 e4 30. Rg1 g4 31. hxg4 Qe5+ 32. Rg3 b5 33. Be6 Qxc3 34. g5 Qg7 35. Qh3 Qb2 36. Qf1 Qe5 37. Bh3 Rg8 38. Qg1 Rxg5 39. Bf1 Rh5+ 40. Bh3 Rxh3+ 41. Kxh3 Qh5# 0-1

[Event "45th FIDE Chess Olympiad - Women's Sect"]
[Site "Budapest, Hungary"]
[Date "2024.09.12"]
[Round "2.202"]
[White "Alazemi, Aisha"]
[Black "Silva Rosas, Natalia"]
[Result "0-1"]
[WhiteElo "1539"]
[BlackElo "1868"]
[PlyCount "66"]
[EventDate "2024.??.??"]
[WhiteTeam "Kuwait"]
[BlackTeam "Uruguay"]
[WhiteTeamCountry "KUW"]
[BlackTeamCountry "URU"]
[WhiteClock "0:12:14"]
[BlackClock "1:03:38"]

1. e4 d5 2. exd5 Qxd5 3. Nc3 Qd6 4. Nf3 c6 5. d4 Bg4 6. Bc4 ({RR} 6. Be2 Nf6 7. h3 Bxf3 8. Bxf3 e6 9. O-O Nbd7 10. Re1 O-O-O 11. Be3 Qc7 12. Qe2 Bd6 13. Qc4 Nb6 14. Qb3 Bh2+ 15. Kh1 Bf4 16. Ne4 Nxe4 17. Bxe4 g5 18. a4 Nd7 19. a5 a6 20. Ra4 Nf6 {Gallagher,J (2514)-Cicak,S (2543) Germany 2000 ½-½ (65)}) 6... e6 7. O-O ({RR} 7. Be3 Nf6 8. h3 Bh5 9. g4 Bg6 10. Ne5 Nbd7 11. Bf4 Qb4 12. Nxg6 hxg6 13. Bb3 Qa5 14. Qd2 Bb4 15. O-O-O O-O-O 16. Qd3 Nc5 17. Qc4 b5 18. Qe2 Nxb3+ 19. axb3 Bxc3 20. bxc3 Qxc3 21. Kb1 Rxd4 {Victor,J (2297)-Sailer,M (2095) chess.com INT 2024 ½-½ (44)}) 7... Nf6 8. Re1 $146 ({RR} 8. Be3 Nbd7 9. h3 Bh5 10. Be2 Qc7 11. a4 a5 12. Nd2 Bxe2 13. Qxe2 Bd6 14. Nc4 Bf4 15. Rfe1 O-O 16. g3 Bxe3 17. Qxe3 Nd5 18. Qf3 Nxc3 19. Qxc3 Nf6 20. Ne5 Nd5 21. Qc5 Rac8 22. Rad1 b6 {Toncheva,N (2253)-Sailer,M (2095) chess.com INT 2023 1-0 (38)}) ({RR} 8. Bg5 Be7 9. h3 Bxf3 10. Qxf3 Qxd4 11. Bb3 Nbd7 12. Rad1 Qc5 13. Qg3 Nh5 14. Qc7 Nhf6 15. Be3 Qe5 16. Qxb7 Rb8 17. Qxc6 O-O 18. Bxa7 Rbc8 19. Qf3 Bd6 20. g3 Bb4 21. Bd4 Qa5 22. Ne4 e5 {Mateus,M (2226)-Martinez,M Cali 2001 1-0 (40)}) ({RR} 8. h3 Bxf3 9. Qxf3 Nbd7 10. Bf4 Qxd4 11. Bb3 Qb6 12. Rad1 Nc5 13. Qg3 Nh5 14. Qg4 Nxf4 15. Qxf4 Nxb3 16. axb3 Be7 17. Ne4 Rd8 18. Rxd8+ Qxd8 19. Qe3 Qb6 20. Qxb6 axb6 21. Ra1 Kd7 22. Nd2 Kc7 {Svane,F (2421)-Baradaran,A (1980) Chess.com INT 2020 0-1 (34)}) 8... Be7 9. g3 Qc7 10. Qd3 Nbd7 11. Bf4 Bd6 12. Ne5 O-O 13. Ne4 Nxe4 14. Rxe4 Bf5 15. Rae1 Nf6 16. f3 Nd5 17. Qd2 Bxe4 18. Rxe4 Rad8 19. Bh6 Ne7 20. Bxg7 Kxg7 21. Qg5+ Ng6 22. Ng4 f5 23. Qh6+ Kh8 24. Rxe6 Qg7 25. Rxg6 Qxg6 26. Qxg6 hxg6 27. Nf2 c5 28. c3 cxd4 29. cxd4 a6 30. Nd3 Rfe8 31. Kg2 Re2+ 32. Kh3 Kg7 33. Nf4 Rh8+ 0-1